000 00271nam a22001217a 4500
008 180222b xxu||||| |||| 00| 0 eng d
041 _aeng
080 _a62
100 _a27
101 _aIM
245 _aEnergy activities for the classroom
_cCoon,H.L
942 _2udc
_cBK
999 _c43089
_d43089